Tapez G - Statistiques

Statistiques générales
  • Ce quiz a été pris 285 fois
  • Le résultat moyen est 14 sur 15
Statistiques - réponses
G % Correct
G
98%
G
98%
G
96%
GGGGGGGGGGGGG
96%
GGG
95%
GGGGG
95%
GGGGGG
95%
GGGGGGG
95%
GGGGGGGG
95%
GGGGGGGGGG
95%
GG
94%
GG
94%
GGG
94%
GGGGG
94%
GGGGGGGGGGGGGGGGGGGGGG
82%
Aucun quiz correspondant
Distribution des résultats
% des personnes avec chaque résultat
Percentile par nombre de réponses
Votre historique - résultats
Vous n’avez pas pris ce quiz